| 000 | 01173cam a22003497a 4500 | ||
|---|---|---|---|
| 003 | CHAP | ||
| 005 | 20220817041812.0 | ||
| 008 | 971013s1976 r 00010 d | ||
| 010 | _a24961 | ||
| 011 | _a25933 | ||
| 035 | _a30033 | ||
| 040 | _cCHAP | ||
| 090 | _aFolleto 3507 (1974) | ||
| 110 |
_aComité Mixto FAO/OMS de Expertos en Veterinaria de Salud Pública _925898 |
||
| 245 | 1 | 3 |
_aEl aporte de la veterinaria a la salud pública _b: informe del Comité |
| 260 |
_aRoma : _bFAO, _c1976 |
||
| 300 | _a85 p. | ||
| 490 | 0 |
_aFAO. Estudios agropecuarios _v; 96 |
|
| 590 |
_aBATCH-UPD _b10 _c20130110 _lUCH01 _h1129 |
||
| 590 |
_aBATCH-UPD _b10 _c20130410 _lUCH01 _h0718 |
||
| 590 |
_aBATCH-UPD _b10 _c20130914 _lUCH01 _h1354 |
||
| 590 |
_aCONVERSION _b10 _c20130109 _lUCH01 _h1314 |
||
| 650 | 1 | 4 |
_aSalud pública. _9101813 |
| 650 | 1 | 4 |
_aVeterinaria. _9118987 |
| 710 | 0 | _aFAO. | |
| 710 | 0 |
_aOrganización Mundial de la Salud. _983555 |
|
| 830 | 0 |
_aFAO. Estudios agropecuarios _v; 96 _939546 |
|
| 901 | _aBK | ||
| 942 | _cFOLL | ||
| 949 |
_aFolleto 3507 (1974) _bBC _cFAO _d-69320 _eFAO1 _i30033 _mD _si |
||
| 949 |
_aFolleto 3507 (1974) _bBC _cFAO _d-69321 _eFAO2 _fc.2 _i30033 _si |
||
| 999 |
_c24961 _d24961 |
||